000 00989cam a22003373a 4500
001 1692
003 PGUSA
005 20140828083005.0
008 990301s1999||||xxu|||||s|||||000 1 eng d
040 _aPGUSA
_beng
042 _adc
050 4 _aPS
100 1 _aJohnston, Mary,
_d1870-1936
245 1 0 _a1492
_h[electronic resource] /
_cMary Johnston
260 _bProject Gutenberg,
_c1999
500 _aFor Columbus Day, 1998
506 _aPublic domain in the USA.
516 _aElectronic text
653 _aSea stories
653 _aAmerica -- Discovery and exploration -- Fiction
653 _aAdmirals -- Fiction
653 _aExplorers -- Fiction
653 _aDiscoveries in geography -- Fiction
653 _aBiographical fiction
653 _aJewish sailors -- Fiction
653 _aColumbus, Christopher -- Fiction
653 _aHistorical fiction
830 0 _aProject Gutenberg
_v1692
856 4 0 _uhttp://www.gutenberg.org/ebooks/1692
942 _cEB
999 _c231038
_d231038